International law / (Record no. 133374)

MARC details
000 -LEADER
fixed length control field 00629nam a22002297a 4500
005 - DATE AND TIME OF LATEST TRANSACTION
control field 20170124110208.0
010 ## - LIBRARY OF CONGRESS CONTROL NUMBER
LC control number B-089731
020 ## - INTERNATIONAL STANDARD BOOK NUMBER
Terms of availability 270.00
035 ## - SYSTEM CONTROL NUMBER
System control number B-089731
037 ## - SOURCE OF ACQUISITION
Source of stock number/acquisition Cen Lib/Ret
040 ## - CATALOGING SOURCE
Original cataloging agency DPL
Language of cataloging EN
082 ## - DEWEY DECIMAL CLASSIFICATION NUMBER
Classification number 341
Item number GUR
100 ## - MAIN ENTRY--PERSONAL NAME
Personal name Gurdip Singh
9 (RLIN) 16544
245 ## - TITLE STATEMENT
Title International law /
Statement of responsibility, etc by Gurdip Singh
260 ## - PUBLICATION, DISTRIBUTION, ETC. (IMPRINT)
Place of publication, distribution, etc New Delhi
Name of publisher, distributor, etc Macmillan India
Date of publication, distribution, etc 2003
270 ## - ADDRESS
Address 2/10, Ansari road, Daryaganj
City New Delhi
Postal code 110002
300 ## - PHYSICAL DESCRIPTION
Extent xiv,584p.
Dimensions 22cm(pbk)
500 ## - GENERAL NOTE
General note Includes index
650 ## - SUBJECT ADDED ENTRY--TOPICAL TERM
Topical term or geographic name as entry element Law
9 (RLIN) 104
650 ## - SUBJECT ADDED ENTRY--TOPICAL TERM
Topical term or geographic name as entry element International law
9 (RLIN) 2114
942 ## - ADDED ENTRY ELEMENTS (KOHA)
Source of classification or shelving scheme Dewey Decimal Classification
Koha item type English Books
Classification part 341
Call number suffix GUR
Holdings
Withdrawn status Lost status Source of classification or shelving scheme Damaged status Not for loan Home library Current library Date acquired Source of acquisition Cost, normal purchase price Total Checkouts Full call number Barcode Date last seen Date checked out Copy number Cost, replacement price Price effective from Koha item type
    Dewey Decimal Classification     Central Library Central Library 25/07/2015 Cen Lib/Ret 270.00 5 341 GUR B-089731 08/04/2024 23/03/2024 1 270.00 25/07/2015 English Books

© Delhi Public Library
Hit Counter
free hit counter